[Event "Winter Chess Classic-A 2018"]
[Site "Saint Louis"]
[Date "2018.11.10"]
[Round "6"]
[White "Sevian, Samuel"]
[Black "Motylev, Alexander"]
[Result "1/2-1/2"]
[WhiteElo "2641"]
[BlackElo "2661"]
[Annotator "TA"]
[PlyCount "54"]
[EventDate "2018.11.05"]
[EventType "tourn"]
[EventCountry "USA"]
[SourceTitle "playchess.com"]
[Source "ChessBase"]
[SourceQuality "1"]

{[%evp 29,54,-4,0,-19,-29,-31,-34,-17,0,-42,0,-16,-4,-6,72,64,79,85,116,0,10,0,104,0,18,0,112]} 1. c4 Nf6 2. Nc3 e5 3. Nf3 Nc6 4. g3 d5 5. cxd5 Nxd5 6. Bg2 Nb6 7. O-O Be7 8. a3 O-O 9. b4 {[%cal Bb2b4,Bb4b5][%mdl 32]} Re8 10. d3 Bf8 11. Bb2 a5 12. b5 Nd4 13. Nd2 a4 14. Rb1 {A29: English Opening: Four Knights Variation with 4 g3} c6 15. bxc6 Nxc6 {[#] LiveBook: 6 Games} 16. Bxc6 $146 ({Predecessor:} 16. Nc4 Nxc4 17. dxc4 Bf5 18. Be4 Bxe4 19. Nxe4 Nd4 {½-½ (29) Edouard,R (2652)-Bacrot,E (2713) Pau 2012}) 16... bxc6 17. Qc2 Be6 18. Nce4 f5 19. Nc3 h5 20. h4 Be7 21. Bc1 g5 (21... Nd7 $11) 22. hxg5 $16 Bxg5 23. Nf3 Bf6 {[#]} 24. Qd2 (24. e4 $1 $16) 24... Bg7 25. Qc2 (25. Rb4 $11) 25... Bf6 $1 {[#]} 26. Qd2 (26. e4 $1 $16) 26... Bg7 $11 27. Qc2 ({White should try} 27. Rb4 $11) 27... Bf6 {Precision: White = 32%, Black = 64%.} 1/2-1/2

[Event "Winter Chess Classic-A 2018"]
[Site "Saint Louis"]
[Date "2018.11.10"]
[Round "6"]
[White "Shimanov, Aleksandr"]
[Black "Quesada Perez, Yuniesky"]
[Result "1/2-1/2"]
[WhiteElo "2620"]
[BlackElo "2612"]
[Annotator "TA"]
[PlyCount "93"]
[EventDate "2018.11.05"]
[EventType "tourn"]
[EventCountry "USA"]
[SourceTitle "playchess.com"]
[Source "ChessBase"]
[SourceQuality "1"]

{[%evp 18,93,33,16,17,24,30,6,32,30,27,25,70,68,68,67,71,53,67,56,56,55,77,67,74,77,66,75,75,75,95,96,114,116,122,121,138,132,141,139,171,98,99,98,99,99,95,68,66,72,82,68,113,75,64,20,41,20,28,24,50,10,0,10,23,0,0,0,0,0,0,0,0,0,0,0,0,0]} 1. Nf3 Nf6 2. c4 e6 3. d4 d5 4. Nc3 a6 5. cxd5 exd5 6. Bg5 {D37: Queen's Gambit Declined: 5 Bf4} Be6 7. e3 Nbd7 8. Bd3 Bd6 (8... h6 9. Bf4 g5 10. Bg3 Nh5 11. Be5 Nhf6 12. Bg3 Nh5 13. Qb3 Nxg3 14. hxg3 {½-½ (48) Karjakin,S (2773)-Caruana,F (2822) Saint Louis 2018}) 9. O-O c6 10. h3 $146 {LiveBook: 10 Games} ({Predecessor:} 10. Bf4 Qc7 11. Qd2 O-O 12. h3 Rfe8 13. Rac1 Rac8 {½-½ (51) Fressinet,L (2649)-Nevednichy,V (2525) Porticcio 2018}) 10... Qc7 11. Qd2 O-O 12. Rac1 Rfe8 13. Rfe1 Rac8 14. Bf4 Bxf4 15. exf4 {[#] aiming for f5.} Nb6 16. b3 Qd6 17. Ne5 c5 18. Bb1 cxd4 19. Qxd4 Qc5 20. Ne2 Qxd4 21. Nxd4 Rxc1 22. Rxc1 Rc8 23. Re1 Bd7 24. g4 Re8 25. f3 h6 26. Kf2 Kf8 27. h4 Rd8 28. a4 a5 29. Rc1 (29. g5 $18 Nh5 30. g6) 29... Rc8 $16 30. Rxc8+ Bxc8 31. Ke3 Nfd7 32. Nb5 Nc5 $1 33. Bc2 Ke7 34. f5 Bd7 35. Kd4 Na6 36. Nc3 f6 37. Nd3 ({Not} 37. Nxd5+ Nxd5 38. Nxd7 Kxd7 $17) 37... Kd6 38. Bd1 Be8 39. Nf4 {[%cal Rc3d5]} Nc7 40. Be2 Bf7 41. Bb5 Nc8 {The position is equal.} 42. Bd3 Na7 {[#] ...Nc6+ is the strong threat.} 43. Nb5+ $1 Naxb5+ 44. axb5 b6 45. Ne2 Be8 46. Nc3 Bd7 47. h5 {Precision: White = 65%, Black = 57%.} 1/2-1/2

[Event "Winter Chess Classic-A 2018"]
[Site "Saint Louis"]
[Date "2018.11.11"]
[Round "7"]
[White "Robson, Ray"]
[Black "Sevian, Samuel"]
[Result "1/2-1/2"]
[WhiteElo "2676"]
[BlackElo "2641"]
[Annotator "RC"]
[PlyCount "150"]
[EventDate "2018.11.05"]
[EventType "tourn"]
[EventCountry "USA"]
[SourceTitle "playchess.com"]
[Source "ChessBase"]
[SourceQuality "1"]
[TimeControl "40/5400+30:1800+30"]

1. e4 {[%emt 0:02:47]} e5 {[%emt 0:00:00]} 2. Nf3 {[%emt 0:00:21]} Nc6 {[%emt 0:00:00]} 3. Bb5 {[%emt 0:00:25]} Nf6 {[%emt 0:00:27]} 4. d3 {[%emt 0:00:42]} d6 {[%emt 0:00:33]} 5. O-O {[%emt 0:00:46]} Bd7 {[%emt 0:00:23]} 6. c4 {[%emt 0:05:31]} g6 {[%emt 0:03:33]} 7. h3 {[%emt 0:03:05]} Bg7 {[%emt 0:02:59]} 8. Nc3 {[%emt 0:02:58]} O-O {[%emt 0:10:11]} 9. Be3 {[%emt 0:01:08]} Nb8 {[%emt 0:20:33]} 10. Bxd7 {[%emt 0:02:20]} Nbxd7 {[%emt 0:00:07]} 11. Qb3 {[%emt 0:05:00]} b6 {[%emt 0:02:48]} 12. d4 {[%emt 0:02:18]} exd4 {[%emt 0:03:44]} 13. Nxd4 {[%emt 0:00:50]} Nc5 {[%emt 0:01:10]} 14. Qc2 {[%emt 0:00:23]} Re8 {[%emt 0:01:34]} 15. f3 {[%emt 0:01:24]} Nh5 {[%emt 0:04:20]} 16. Qd2 {[%emt 0:01:32]} Qc8 {[%emt 0:07:04]} 17. Rad1 {[%emt 0:01:45]} Qb7 {[%emt 0:08:14]} 18. Bh6 {[%emt 0:08:43]} Bh8 {[%emt 0:00:19]} 19. Nd5 {[%emt 0:05:50]} c6 {[%emt 0:02:46]} 20. Ne3 {[%emt 0:04:23]} Rad8 {[%emt 0:02:25]} 21. Ne2 {[%emt 0:14:43]} b5 {[%emt 0:02:42]} 22. cxb5 {[%emt 0:03:10]} Qxb5 {[%emt 0:00:26]} 23. Nc3 {[%emt 0:04:10]} Qb4 {[%emt 0:02:18]} 24. Ng4 {[%emt 0:08:40]} Ne6 {[%emt 0:07:44]} 25. Be3 {[%emt 0:01:09]} Bg7 {[%emt 0:00:09]} 26. Rf2 {[%emt 0:02:50]} a5 {[%emt 0:01:01]} 27. Qc2 {[%emt 0:01:47]} Nhf4 {[%emt 0:03:11]} 28. Qc1 {[%emt 0:02:08]} h5 {[%emt 0:00:44]} 29. Bxf4 {[%emt 0:03:54]} hxg4 {[%emt 0:00:54]} 30. fxg4 {[%emt 0:00:21]} Nxf4 {[%emt 0:01:53]} 31. Qxf4 {[%emt 0:00:08]} Rd7 {[%emt 0:00:40]} 32. Qd2 {[%emt 0:06:12]} Be5 {[%emt 0:01:05]} 33. Kh1 {[%emt 0:00:50]} Rb7 {[%emt 0:01:24]} 34. Qc2 {[%emt 0:01:22]} Qc5 {[%emt 0:02:42]} 35. Rd3 {[%emt 0:01:51]} Rb4 {[%emt 0:03:18]} 36. g3 {[%emt 0:01:45]} a4 {[%emt 0:01:17]} 37. a3 {[%emt 0:00:47]} Rb3 {[%emt 0:00:55]} 38. Qe2 {[%emt 0:00:30]} Reb8 {[%emt 0:00:56]} 39. Qf3 {[%emt 0:00:30]} Qc4 {[%emt 0:00:45]} 40. Rdd2 {[%emt 0:00:00]} Bxc3 {[%emt 0:00:00]} 41. bxc3 {[%emt 0:00:55]} Rxc3 {[%emt 0:01:20]} 42. Qf6 {[%emt 0:03:47]} Rxg3 {[%emt 0:19:52]} 43. Kh2 {[%emt 0:01:15]} Qb3 {[%emt 0:03:55]} 44. Qxf7+ {[%emt 0:01:16]} Qxf7 {[%emt 0:00:07]} 45. Rxf7 {[%emt 0:00:04]} Rxa3 {[%emt 0:02:10]} 46. Rf6 {[%emt 0:03:38]} Kg7 {[%emt 0:01:26]} 47. Rfxd6 {[%emt 0:00:27]} Rh8 {[%emt 0:01:31]} 48. Kg2 {[%emt 0:14:28]} Rhxh3 {[%emt 0:01:26]} 49. Rxc6 {[%emt 0:00:46]} Rag3+ {[%emt 0:01:01]} 50. Kf2 {[%emt 0:01:16]} Rxg4 {[%emt 0:00:30]} 51. Rd4 {[%emt 0:01:09]} a3 {[%emt 0:00:15]} 52. Ra6 {[%emt 0:02:37]} Rgg3 {[%emt 0:00:38]} 53. Rdd6 {[%emt 0:01:33]} Rf3+ {[%emt 0:00:32]} 54. Kg2 {[%emt 0:01:01]} Rhg3+ {[%emt 0:01:03]} 55. Kh2 {[%emt 0:00:08]} Rb3 {[%emt 0:01:25]} 56. e5 {[%emt 0:02:42]} Rg5 {[%emt 0:02:01]} 57. e6 {[%emt 0:00:36]} Re5 {[%emt 0:00:41]} 58. Rd2 {[%emt 0:00:25]} Kf6 {[%emt 0:01:11]} 59. Rf2+ {[%emt 0:00:37]} Kg5 {[%emt 0:00:17]} 60. Rg2+ {[%emt 0:01:25]} Kh5 {[%emt 0:00:40]} 61. Ra2 {[%emt 0:00:41]} Ree3 {[%emt 0:00:40]} 62. e7 {[%emt 0:00:14]} Rxe7 {[%emt 0:00:24]} 63. R6xa3 {[%emt 0:00:07]} Rb6 {[%emt 0:00:03]} 64. Rh3+ {[%emt 0:01:21]} Kg5 {[%emt 0:00:04]} 65. Rg2+ {[%emt 0:00:23]} Kf6 {[%emt 0:00:03]} 66. Rhg3 {[%emt 0:00:27]} Kg7 {[%emt 0:00:10]} 67. Rg1 {[%emt 0:00:33]} Re5 {[%emt 0:00:06]} 68. R1g2 {[%emt 0:00:19]} Rc6 {[%emt 0:00:49]} 69. Rg5 {[%emt 0:00:20]} Re1 {[%emt 0:00:09]} 70. R5g3 {[%emt 0:00:20]} Rf6 {[%emt 0:00:17]} 71. Rg4 {[%emt 0:00:21]} Kf7 {[%emt 0:00:13]} 72. Ra4 {[%emt 0:00:31]} Rff1 {[%emt 0:00:28]} 73. Ra7+ {[%emt 0:00:36]} Kf8 {[%emt 0:00:11]} 74. Rb2 {[%emt 0:00:29]} Re7 {[%emt 0:00:17]} 75. Rxe7 {[%emt 0:00:16]} Kxe7 {[%emt 0:00:04]} 1/2-1/2

[Event "Winter Chess Classic-A 2018"]
[Site "Saint Louis"]
[Date "2018.11.11"]
[Round "7"]
[White "Motylev, Alexander"]
[Black "Sasikiran, Krishnan"]
[Result "1/2-1/2"]
[WhiteElo "2661"]
[BlackElo "2671"]
[Annotator "TA"]
[PlyCount "107"]
[EventDate "2018.11.05"]
[EventType "tourn"]
[EventCountry "USA"]
[SourceTitle "playchess.com"]
[Source "ChessBase"]
[SourceQuality "1"]

{[%evp 26,107,0,0,0,0,11,0,0,0,6,-43,-35,-35,-8,-7,-6,-8,-8,-24,6,6,7,4,16,16,4,0,0,0,0,0,0,0,17,0,0,-6,0,0,0,0,39,45,52,52,66,62,50,64,8,8,91,92,86,86,95,100,100,102,94,91,137,133,191,99,102,82,70,22,35,30,38,30,41,-12,-8,-9,-16,-14,-16,-32,-18,-13]} 1. e4 {Havasi,G} e5 2. Nf3 Nc6 3. Bb5 {[%cal Bf1b5,Bb5a4,Ba4b3][%mdl 32]} a6 4. Ba4 Nf6 5. O-O Be7 6. d3 b5 7. Bb3 d6 8. a3 O-O 9. Nc3 Na5 {C77: Ruy Lopez: 3...a6 4 Ba4 Nf6, unusual lines} 10. Ba2 Be6 11. Bxe6 fxe6 12. b4 Nc6 13. Bd2 d5 14. Re1 {[#] LiveBook: 9 Games} Qd7 $146 ({Predecessor:} 14... Qd6 15. Na2 Nd7 16. Qe2 d4 17. Reb1 {1-0 (50) Caruana,F (2801)-Aronian,L (2805) Saint Louis 2014 CBM 162 [Havasi,G]}) 15. Na2 Bd6 16. c3 h6 17. Nc1 a5 {[%cal Ba6a5,Ba5a4][%mdl 32]} 18. Nb3 a4 19. Nc1 {[%cal Bb3c1,Bc1e2,Be2g3,Bg3e4][%mdl 32]} Rf7 20. Ne2 dxe4 21. dxe4 Nxe4 22. Ng3 Nf6 23. Qe2 Rb8 24. Rac1 Nd5 25. Ne4 Qe8 26. Be3 Nce7 27. c4 bxc4 28. Rxc4 Ng6 29. g3 Rf5 30. Nfd2 Rd8 31. Qd1 Nge7 32. Qg4 Kh7 33. Nf3 Qf7 34. Qh3 {[%mdl 1024] White has compensation.} Kg8 35. Nh4 Rf8 36. Rc2 $36 {[%mdl 2048] White has some pressure.} Rh5 {[#] ...Nf5 is the strong threat.} 37. g4 $1 {[%cal Rg4h5]} Rxh4 38. Qxh4 Qg6 (38... Qf3 $11 {remains equal.} 39. Rc4 Nxe3 40. fxe3 Nd5) 39. Rc4 $16 Nf6 40. Nxf6+ (40. Nxd6 $6 cxd6 41. Qh3 Nf5 $11) 40... Rxf6 {[#]} 41. Rd1 $1 Qe8 42. Qh3 Qb5 43. Qf1 Qb7 44. g5 hxg5 (44... Rg6 $16 {keeps fighting.} 45. Qg2 Qxg2+ 46. Kxg2 e4) 45. Qg2 (45. Bxg5 $18 Rg6 46. Rg4) 45... Qb5 46. Rdc1 ({Reject} 46. Bxg5 $6 Qxc4 47. Bxf6 Nf5 $11) 46... Nf5 47. Qa8+ Rf8 48. Qc6 Qd5 49. Qxd5 ({And not} 49. Bxg5 Nd4 $17) ({Don't play} 49. Qxa4 e4 $15) 49... exd5 50. Rg4 ({White should play} 50. Rc6 $1 $14) 50... Kf7 $11 51. Rxg5 Kf6 52. Rg4 d4 53. Bd2 Ke6 54. f3 {Precision: White = 66%, Black = 63%.} 1/2-1/2

[Event "Winter Chess Classic-A 2018"]
[Site "Saint Louis"]
[Date "2018.11.11"]
[Round "7"]
[White "Swiercz, Dariusz"]
[Black "Melkumyan, Hrant"]
[Result "1/2-1/2"]
[WhiteElo "2636"]
[BlackElo "2668"]
[Annotator "TA"]
[PlyCount "61"]
[EventDate "2018.11.05"]
[EventType "tourn"]
[EventCountry "USA"]
[SourceTitle "playchess.com"]
[Source "ChessBase"]
[SourceQuality "1"]

{[%evp 27,61,17,24,6,9,6,6,6,6,10,3,0,0,0,9,0,8,8,20,20,20,0,13,8,14,2,3,2,11,12,20,7,15,0,3,0]} 1. e4 e5 2. Nf3 Nc6 3. Bb5 Nf6 4. O-O Nxe4 5. Re1 Nd6 6. Nxe5 Be7 7. Bf1 Nxe5 8. Rxe5 O-O 9. d4 Bf6 10. Re1 Re8 {C67: Ruy Lopez: Berlin Defence: 4 0-0 Nxe4} 11. c3 Rxe1 12. Qxe1 Nf5 13. Bf4 c6 14. Nd2 {[%cal Bb1d2,Bd2f3,Bf3e5][%mdl 32]} d5 {LiveBook: 4 Games} 15. Bd3 g6 {The position is equal.} 16. Qe2 Ng7 17. Re1 Bf5 18. Bxf5 Nxf5 {[#]} 19. Nf3 $146 Ng7 20. Be5 Ne6 21. Qe3 Bxe5 22. Nxe5 Qg5 (22... Qe7 {is interesting.} 23. h4 Re8 24. g3 f6 25. Nd3 Qf7) 23. Qxg5 Nxg5 $11 {[%mdl 4096] Endgame KRN-KRN} 24. f3 Ne6 25. Kf2 Kg7 26. g3 Re8 27. Nd3 Kf8 28. h4 f6 29. Rh1 h5 30. Re1 Kf7 31. Re2 {Precision: White = 26%, Black = 46%.} 1/2-1/2

[Event "Winter Chess Classic-A 2018"]
[Site "Saint Louis"]
[Date "2018.11.11"]
[Round "7"]
[White "Quesada Perez, Yuniesky"]
[Black "Xiong, Jeffery"]
[Result "1-0"]
[WhiteElo "2612"]
[BlackElo "2675"]
[Annotator "TA"]
[PlyCount "89"]
[EventDate "2018.11.05"]
[EventType "tourn"]
[EventCountry "USA"]
[SourceTitle "playchess.com"]
[Source "ChessBase"]
[SourceQuality "1"]

{[%evp 24,89,0,0,0,0,0,0,0,0,41,44,41,35,37,33,35,34,37,47,55,28,34,27,68,70,67,56,70,71,114,74,78,79,85,82,90,103,92,92,106,104,90,90,118,93,151,82,137,87,83,87,87,75,92,83,166,131,866,852,1688,1170,2085,2028,29967,29971,29978,12549]} 1. e4 c5 2. Nf3 d6 3. Bb5+ Nd7 4. c3 Ngf6 5. Qe2 a6 6. Ba4 b5 7. Bc2 Bb7 8. O-O e6 9. d4 {B51: Sicilian: Moscow Variation (3 Bb5+) without 3...Bd7} Be7 10. Re1 (10. Nbd2 O-O 11. e5 Nd5 12. Ne4 Qc7 13. exd6 Bxd6 14. Nxd6 Qxd6 15. dxc5 Qxc5 {½-½ (58) Kovalev,V (2648)-Grandelius,N (2652) Sharjah 2018}) 10... O-O 11. Nbd2 {[%cal Bb1d2,Bd2f1,Bf1g3,Bg3h5][%mdl 32]} Rc8 12. Nf1 Qc7 13. Bd3 {LiveBook: 3 Games} cxd4 14. cxd4 e5 15. d5 Nh5 $146 16. Ng3 Nf4 17. Bxf4 exf4 18. Nh5 g6 19. Nxf4 Bf6 20. Qd2 Nc5 {[%cal Bd7c5,Bc5a4,Ba4b2][%mdl 32]} 21. Rac1 {[#] Strongly threatening b4.} Qb6 22. h3 Bg7 23. b4 Na4 24. Rxc8 Rxc8 25. Ne2 $36 {[%mdl 2048] White is more active.} Nb2 26. Rc1 Re8 27. Ng3 Nxd3 28. Qxd3 a5 29. a3 Rc8 30. Rxc8+ Bxc8 31. Ne2 Bd7 32. Nfd4 axb4 33. axb4 Qa6 34. Kh2 g5 ({Better is} 34... h5) 35. Qd2 (35. g4 $142) 35... h6 ({Black should play} 35... Be5+ 36. g3 h6) 36. f4 gxf4 37. Nxf4 Qa1 38. Nc6 Kh7 39. Qf2 Bxc6 (39... Be5 $16) 40. dxc6 $18 Bd4 $2 {[%mdl 8192] [#]} (40... Qc1 $16) 41. Qd2 Qg1+ 42. Kg3 Be3 43. Qxd6 h5 44. Kh4 Qe1+ 45. Kxh5 {Precision: White = 77%, Black = 39%.} 1-0

[Event "Winter Chess Classic-A 2018"]
[Site "Saint Louis"]
[Date "2018.11.11"]
[Round "7"]
[White "Miroshnichenko, Evgenij"]
[Black "Shimanov, Aleksandr"]
[Result "1/2-1/2"]
[WhiteElo "2606"]
[BlackElo "2620"]
[Annotator "TA"]
[PlyCount "38"]
[EventDate "2018.11.05"]
[EventType "tourn"]
[EventCountry "USA"]
[SourceTitle "playchess.com"]
[Source "ChessBase"]
[SourceQuality "1"]

{[%evp 22,38,12,0,0,0,0,0,0,-13,0,0,0,-15,0,0,0,-10,0]} 1. Nf3 Nf6 2. g3 c5 3. Bg2 g6 4. O-O Bg7 5. d3 Nc6 6. a3 O-O 7. c3 a5 {A05: Réti Opening: 1 Nf3 Nf6} (7... d6 8. Nbd2 Bd7 9. Rb1 Re8 10. b4 Nd5 11. Bb2 Nxc3 12. Bxc3 Bxc3 13. bxc5 dxc5 14. Rxb7 Na5 15. Rb1 Bg7 {½-½ (76) Kozul,Z (2613)-Mamedov,R (2688) Tallinn 2016}) 8. a4 d5 9. Na3 e5 10. e4 $146 ({Predecessor:} 10. Qb3 h6 11. e4 d4 12. cxd4 cxd4 13. Nc4 Be6 14. Bd2 Qe7 {0-1 (24) Vedder,R (2288)-Starostits,I (2441) Port de Pollenca 2018}) 10... h6 11. exd5 Nxd5 12. Re1 {LiveBook: 4 Games. The position is equal.} Be6 13. Nc4 {[%cal Rf3e5]} Qc7 $1 14. Qe2 {[%cal Rf3e5]} Rfe8 15. Bd2 {[%cal Rf3e5]} Bf5 16. Nh4 Be6 17. Nf3 {[%cal Rf3e5]} Bf5 18. Nh4 Be6 19. Nf3 {[%cal Rf3e5]} Bf5 1/2-1/2

[Event "Winter Chess Classic-A 2018"]
[Site "Saint Louis"]
[Date "2018.11.12"]
[Round "8"]
[White "Xiong, Jeffery"]
[Black "Miroshnichenko, Evgenij"]
[Result "1/2-1/2"]
[WhiteElo "2675"]
[BlackElo "2606"]
[Annotator "TA"]
[PlyCount "77"]
[EventDate "2018.11.05"]
[EventType "tourn"]
[EventCountry "USA"]
[SourceTitle "playchess.com"]
[Source "ChessBase"]
[SourceQuality "1"]

{[%evp 15,77,18,22,22,21,9,15,2,9,8,26,16,38,38,29,35,45,18,40,31,35,35,35,36,41,15,40,48,66,66,72,36,70,65,85,79,93,93,95,96,109,93,114,114,114,114,114,31,31,29,42,42,42,25,25,25,25,25,25,25,25,25,99,99]} 1. e4 e5 2. Nf3 Nf6 3. Nxe5 d6 4. Nf3 Nxe4 5. d3 {[%cal Bd2d3,Bd3d4,Bd4d5][%mdl 32]} Nf6 6. d4 Be7 7. Bd3 O-O {C42: Russische Verteidigung (Petrow)} 8. O-O c5 {LiveBook: 10 Partien} 9. Nc3 $146 ({Vorgänger:} 9. c4 d5 10. dxc5 dxc4 11. Bxc4 Qxd1 12. Rxd1 Bxc5 13. Nc3 Bg4 14. h3 Bxf3 15. gxf3 {½-½ (44) Andreikin,D (2706)-Li,C (2720) China 2017}) 9... Nc6 {[%cal Bb8c6,Bc6b4,Bb4d3][%mdl 32] Die Stellung ist ausgeglichen.} 10. d5 Nb4 11. Re1 Nxd3 12. Qxd3 Bg4 (12... a6 {keeps more tension.} 13. a4 Re8 14. Bf4 Bd7 15. h3 Qc8) 13. h3 Bxf3 14. Qxf3 Qd7 15. a4 Rfe8 16. Bf4 Bf8 17. Bg5 Rxe1+ 18. Rxe1 Re8 19. Rxe8 Nxe8 20. Qg4 Qxg4 21. hxg4 $11 {[%mdl 4096] Endspiel KLS-KLS} f6 22. Bf4 Kf7 23. f3 {[%cal Bf2f3,Bf3f4][%mdl 32]} Ke7 24. Ne4 Kd7 25. Kf2 Nc7 26. c4 a5 27. Bd2 b6 28. f4 Ne8 29. Bc3 Ke7 30. Kf3 Kf7 31. g5 ({Lieber} 31. f5 $16) 31... f5 $14 32. Nd2 g6 33. g4 Bg7 34. Nb1 Bxc3 35. Nxc3 Ng7 36. gxf5 Nxf5 37. Ne4 Ke7 38. Ng3 Nxg3 (38... Kf7 $11 {hält das Gleichgewicht.}) 39. Kxg3 {Precision: Weiß = 60%, Schwarz = 49%.} 1/2-1/2

[Event "Winter Chess Classic-A 2018"]
[Site "Saint Louis"]
[Date "2018.11.12"]
[Round "8"]
[White "Sasikiran, Krishnan"]
[Black "Melkumyan, Hrant"]
[Result "1/2-1/2"]
[WhiteElo "2671"]
[BlackElo "2668"]
[Annotator "TA"]
[PlyCount "130"]
[EventDate "2018.11.05"]
[EventType "tourn"]
[EventCountry "USA"]
[SourceTitle "playchess.com"]
[Source "ChessBase"]
[SourceQuality "1"]

{[%evp 29,130,0,0,0,15,9,49,15,50,50,55,59,59,47,48,46,57,62,63,47,76,76,87,81,87,40,43,6,5,4,4,0,4,4,4,4,6,3,6,0,0,0,0,0,0,0,0,0,0,0,0,0,0,0,0,0,8,0,0,0,0,0,0,0,8,0,8,8,8,8,8,8,8,8,8,8,8,8,8,8,8,8,8,8,8,8,8,8,0,0,8,8,8,10,33,33,33,8,8,8,8,8,8]} 1. e4 e5 2. Nf3 Nc6 3. Bb5 Nf6 4. O-O Nxe4 5. d4 Nd6 6. Bxc6 dxc6 7. dxe5 Nf5 8. Qxd8+ Kxd8 9. h3 Be7 10. Nc3 Nh4 11. Rd1+ Ke8 12. Nxh4 Bxh4 13. g4 h5 {C67: Ruy Lopez: Berlin Defence: 4 0-0 Nxe4} 14. f3 f6 (14... Be6 15. Bf4 Rd8 16. Kg2 Be7 17. Ne2 c5 18. b3 hxg4 19. hxg4 c4 20. Nd4 cxb3 21. axb3 a6 22. Nxe6 fxe6 {½-½ (22) Kryvoruchko,Y (2714)-Bacrot,E (2696) Chartres 2017}) 15. exf6 gxf6 {LiveBook: 4 Games} 16. Bf4 Kf7 17. Rd2 Rg8 $146 {[%cal Rh5g4]} ({Predecessor:} 17... Be6 18. Bxc7 Rag8 19. Bf4 hxg4 20. hxg4 Bxg4 21. fxg4 Rxg4+ {0-1 (41) Villanueva,M (2429)-Krysa,L (2496) Villa Martelli 2016}) 18. Rg2 Be6 19. Bxc7 f5 {[%cal Rh5g4]} 20. gxh5 Bf6 21. Bf4 b5 22. a3 a5 23. Rxg8 Rxg8+ 24. Kh2 Rd8 25. h6 Bc4 26. Re1 Kg6 27. Nd1 Bd5 $1 28. Rf1 Bxf3 29. Rxf3 {[#] Hoping for Rf1.} Rxd1 $11 {[%mdl 4096] Endgame KRB-KRB} 30. c3 Rb1 $132 {[%mdl 2048] Black has counterplay} 31. Rf2 b4 32. axb4 axb4 33. Rg2+ Kh7 34. cxb4 (34. Re2 {with more complications.} c5 35. Rc2 bxc3 36. bxc3 Rb3 37. Bd2) 34... Rxb2 35. Rxb2 Bxb2 {KB-KB} 36. Bd2 Be5+ 37. Kg2 Bd6 38. Kf3 Kg6 39. Ke2 Kh7 40. Kd3 Kg6 41. Kd4 Kh7 42. Kc4 Kg6 43. Be3 Kh7 44. Bc5 Bg3 45. Bf8 Be1 46. Kd4 Kg8 47. Bd6 Bd2 48. Ke5 f4 49. Ke4 Kh7 50. Bf8 Kg6 51. Kd3 Be1 52. Ke2 Bc3 53. Kf3 Bd2 54. Kg4 Kh7 55. Bd6 Kg6 56. Kf3 Kh7 57. Ke2 Bc3 58. Kd3 Be1 59. Ke4 (59. Bxf4 {feels hotter.} Bxb4 60. Ke4 Bf8 61. Kf5 Bxh6 62. Bd6) 59... Kxh6 60. Kxf4 Kh5 61. Kf3 Bd2 62. Be7 Bc3 63. Ke4 Bxb4 {The position is equal.} 64. Bxb4 Kh4 65. Kd4 c5+ {Precision: White = 67%, Black = 76%.} 1/2-1/2

[Event "Winter Chess Classic-A 2018"]
[Site "Saint Louis"]
[Date "2018.11.12"]
[Round "8"]
[White "Motylev, Alexander"]
[Black "Robson, Ray"]
[Result "0-1"]
[WhiteElo "2661"]
[BlackElo "2676"]
[Annotator "TA"]
[PlyCount "125"]
[EventDate "2018.11.05"]
[EventType "tourn"]
[EventCountry "USA"]
[SourceTitle "playchess.com"]
[Source "ChessBase"]
[SourceQuality "1"]

{[%evp 27,125,9,5,5,11,11,13,17,15,0,0,0,0,0,0,-4,-1,-8,-7,-6,0,0,0,0,0,0,0,0,0,-27,0,0,0,0,0,0,0,-3,-8,-44,0,0,0,0,33,-8,-18,-16,0,0,0,-181,-172,-195,-195,-191,-196,-195,-186,-308,-293,-284,-310,-309,-309,-292,-292,-306,-299,-275,-256,-316,-317,-310,-300,-292,-328,-442,-416,-408,-408,-408,-407,-1564,-1595,-1435,-1304,-1665,-1363,-5337,-5397,-29961,-12818,-29979,-29980,-29980,-29981,-29981,-29982,-29987]} 1. e4 e5 2. Nf3 Nc6 3. Bb5 a6 4. Ba4 Nf6 5. O-O b5 6. Bb3 Bb7 7. Re1 Be7 8. d3 O-O 9. Nc3 d6 10. a3 Qd7 {C84: Closed Ruy Lopez: Unusual White 6th moves} (10... Re8 11. Ba2 h6 12. h3 Bf8 13. Be3 Ne7 14. d4 exd4 15. Bxd4 Nc6 16. Be3 Qd7 17. Nd5 Nxd5 18. Bxd5 {0-1 (67) Bacrot,E (2715)-Bu,X (2710) Tbilisi 2017}) 11. Ne2 Nd8 12. Ng3 Ne6 13. c3 c5 14. d4 exd4 {LiveBook: 6 Games} 15. cxd4 c4 16. Bc2 d5 17. e5 $1 {[%cal Re5f6]} Ne4 $1 18. Nxe4 dxe4 19. Bxe4 Bxe4 20. Rxe4 Nc5 $146 21. Re2 Nb3 22. Rb1 Rad8 {[%cal Rb3d4]} 23. Be3 h6 24. Qc2 Qd5 25. Qf5 Rd7 26. Rbe1 Qe6 27. g4 Bd8 28. Kg2 Bb6 29. Qxe6 fxe6 30. d5 Bxe3 31. dxe6 {[#]} Rd4 $1 {[%cal Rd4g4][%mdl 512]} 32. Rxe3 (32. Nxd4 Bxd4) 32... Rxg4+ 33. Kh3 h5 {[%mdl 1024] Black has compensation.} 34. e7 Re8 35. e6 Nd4 36. Ne5 Rf4 37. Rd1 Nxe6 38. Nc6 Rf6 $1 {Hoping for ...Nf4+.} 39. Kh4 $2 (39. Rd8 $11 Kf7 40. Kg3) 39... g5+ $1 $19 40. Kg3 {aiming for Rd6.} Ng7 $1 {[%cal Rg7f5]} 41. Nd4 Rd6 $1 {[%cal Rd6d4] Threatens to win with ...Rxd4!} 42. Re5 Kf7 $1 43. f4 (43. Kf3 $142) 43... Rxe7 44. Nf5 ({But not} 44. Rxg5 Ne6 $19) 44... gxf4+ (44... Rxd1 45. Rxe7+ Kf6 46. fxg5+ Kxf5 47. Rxg7 $17) 45. Kxf4 Ne6+ $1 ({Not} 45... Rxd1 46. Rxe7+ Kf6 47. Rxg7 $17) 46. Rxe6 Rdxe6 47. Nxe7 Kxe7 {[%mdl 4096] Endgame KR-KR} 48. Rd2 Rd6 49. Rg2 Kf6 50. Ke4 {[#]} Rd3 $1 51. a4 {[#]} h4 $1 {[%cal Bh5h4,Bh4h3][%mdl 32]} ({Less strong is} 51... bxa4 52. Rc2 $17) 52. axb5 axb5 53. Rg4 h3 54. Rf4+ Ke6 55. Rh4 (55. Rf2 $142) 55... b4 {[%cal Bb5b4,Bb4b3][%mdl 32]} 56. Rh6+ Kd7 57. Rb6 b3 58. Rb4 Rd2 $1 {[%csl LRb2,LRh2]} 59. Rxc4 Rxh2 60. Rc3 Re2+ {Black mates.} 61. Kd4 Rd2+ 62. Ke3 Rxb2 63. Kd3 {Precision: White = 32%, Black = 81%.} 0-1